|
|
|
|
| LEADER |
00000cam a22000004a 4500 |
| 001 |
musev2_35646 |
| 003 |
MdBmJHUP |
| 005 |
20230905043741.0 |
| 006 |
m o d |
| 007 |
cr||||||||nn|n |
| 008 |
140327s2015 lau o 00 0 eng d |
| 010 |
|
|
|z 2014011004
|
| 020 |
|
|
|a 9780807157312
|
| 020 |
|
|
|z 9780807157336
|
| 020 |
|
|
|z 9780807169247
|
| 020 |
|
|
|z 9780807157329
|
| 020 |
|
|
|z 9780807157305
|
| 035 |
|
|
|a (OCoLC)899263929
|
| 040 |
|
|
|a MdBmJHUP
|c MdBmJHUP
|
| 100 |
1 |
|
|a Gordon, Lesley J.
|q (Lesley Jill)
|
| 245 |
1 |
2 |
|a A Broken Regiment :
|b The 16th Connecticut's Civil War /
|c Lesley J. Gordon.
|
| 264 |
|
1 |
|a Baton Rouge :
|b Louisiana State University Press,
|c 2015.
|
| 264 |
|
3 |
|a Baltimore, Md. :
|b Project MUSE,
|c 2015
|
| 264 |
|
4 |
|c ©2015.
|
| 300 |
|
|
|a 1 online resource (408 pages):
|b illustrations, maps ;
|
| 336 |
|
|
|a text
|b txt
|2 rdacontent
|
| 337 |
|
|
|a computer
|b c
|2 rdamedia
|
| 338 |
|
|
|a online resource
|b cr
|2 rdacarrier
|
| 490 |
0 |
|
|a Conflicting worlds: new dimensions of the American Civil War
|
| 505 |
0 |
|
|a Camp Williams: "The best class of volunteers" -- Antietam: "soldiering with a vengeance" -- Fredericksburg and winter camp: "Sick of the war" -- Newport News and Suffolk: "Regeneration" -- Portsmouth: "A perfect village" -- Plymouth: "The rebs' took us all" -- Andersonville, Florence, and Charleston: "Oh horrors of horrors!" -- Roanoke, Camp Parole, and New Bern: "Another day gone and one day nearer home" -- Postwar: "They were heroes" -- Conclusion: "Only remembered by what I have done."
|
| 588 |
|
|
|a Description based on print version record.
|
| 610 |
1 |
7 |
|a United States.
|b Army.
|b Connecticut Infantry Regiment, 16th (1862-1865)
|2 fast
|0 (OCoLC)fst00581121
|
| 610 |
1 |
0 |
|a United States.
|b Army.
|b Connecticut Infantry Regiment, 16th (1862-1865)
|
| 651 |
|
7 |
|a United States.
|2 fast
|0 (OCoLC)fst01204155
|
| 651 |
|
7 |
|a Connecticut.
|2 fast
|0 (OCoLC)fst01205688
|
| 651 |
|
6 |
|a Connecticut
|x Histoire
|y 1861-1865 (Guerre de Secession)
|x Histoire des unites.
|
| 651 |
|
6 |
|a États-Unis
|x Histoire
|y 1861-1865 (Guerre de Secession)
|x Histoire des unites.
|
| 651 |
|
0 |
|a Connecticut
|x History
|y Civil War, 1861-1865
|x Regimental histories.
|
| 651 |
|
0 |
|a United States
|x History
|y Civil War, 1861-1865
|x Regimental histories.
|
| 650 |
|
7 |
|a Soldiers.
|2 fast
|0 (OCoLC)fst01125233
|
| 650 |
|
7 |
|a Regimental histories.
|2 fast
|0 (OCoLC)fst01354209
|
| 650 |
|
0 |
|a Soldiers
|z Connecticut
|v Biography.
|
| 655 |
|
7 |
|a Biographies.
|2 rvmgf
|
| 655 |
|
7 |
|a Biographies.
|2 lcgft
|
| 655 |
|
7 |
|a History.
|2 fast
|0 (OCoLC)fst01411628
|
| 655 |
|
7 |
|a Biographies.
|2 fast
|0 (OCoLC)fst01919896
|
| 655 |
|
7 |
|a collective biographies.
|2 aat
|
| 655 |
|
7 |
|a Electronic books.
|2 local
|
| 710 |
2 |
|
|a Project Muse.
|e distributor
|
| 830 |
|
0 |
|a Book collections on Project MUSE.
|
| 856 |
4 |
0 |
|z Texto completo
|u https://projectmuse.uam.elogim.com/book/35646/
|
| 945 |
|
|
|a Project MUSE - Custom Collection
|
| 945 |
|
|
|a Project MUSE - 2015 History
|
| 945 |
|
|
|a Project MUSE - 2015 Complete
|